00364 a2200121 4500001001000000005001700010008004100027245006700068100002200135700002100157773004700178999001700225ART_5937420260410162051.0260409a 10aAnticipos de impuestos. Incompatibilidades con el buen derecho1 aVega, Juan Manuel1 aVega, Gerardo E.0 tImpuestosg- N° 156 (sep. 2023)wREV45175 c35822d35822